000 00315nam a22001097a 4500
082 _a621.381528 SON'T
100 _aSONDO, B. S
_974960
245 _aTRASDUCERS AND DISPLAY SYSTEMS MONOGRAPHS ON SOLID STATE ELECTRONIC INSTRUMENTATION
260 _aNEWDELHI
_bTATA MCGRAW HILL
_c1977
300 _aVOL-4
942 _cBK
999 _c580464
_d580464